000
00233 a2200097 4500
001
121179
040
_c
Escola Canadense de Niteroi
090
_a
Estes itens se encontram na sala da Diretora Yara.
245
1
0
_a
Chapéus
942
_c
MATP
999
_c
121179
_d
121179